000
00243nam a2200097Ia 4500
008
190216s9999||||xx |||||||||||||| ||und||
100
_a
Null
245
0
_a
Hindi-Maha Purush Ki Jivaniyam
260
_b
The Macmillian Co. Of India Ltd
942
_c
BK
999
_c
17833
_d
17833